[Event "EU-ch U14"]
[Site "Bratislava"]
[Date "2019.08.04"]
[Round "3"]
[White "Jares, Michal"]
[Black "Aubury, Benjamin"]
[Result "1-0"]
[WhiteElo "1974"]
[BlackElo "1686"]
[PlyCount "113"]
[EventDate "2019.08.02"]
[EventType "swiss"]
[EventRounds "9"]
[EventCountry "SVK"]
[SourceTitle "EXT 2020"]
[Source "ChessBase"]
[SourceDate "2019.10.17"]
[SourceVersion "1"]
[SourceVersionDate "2019.10.17"]
[SourceQuality "1"]

1. d4 Nf6 2. c4 g6 3. Nc3 Bg7 4. Nf3 0-0 5. e4 d6 6. h3 c5 7. d5 b5 8. cxb5 a6 9. b6 Qxb6 10. Bd3 a5 11. 0-0 Na6 12. Nd2 Nb4 13. Nc4 Qd8 14. a4 Ba6 15. Nb5 Rb8 16. Be3 Nd7 17. Rb1 Nb6 18. Nxb6 Qxb6 19. Bc4 Rfc8 20. Kh1 Bxb5 21. Bxb5 Qc7 22. Qe2 Rf8 23. f4 Qb7 24. Rfd1 Rbc8 25. Rbc1 Na2 26. Rc2 Nb4 27. Rc4 Na6 28. Rc2 Nb4 29. Rcd2 f5 30. e5 Rf7 31. Bg1 Qc7 32. Re1 h6 33. exd6 exd6 34. Qe6 Kh7 35. Be8 Rf6 36. Qe7 Rf8 37. Bb5 Rf7 38. Qxc7 Rfxc7 39. Re6 Rd8 40. Be8 g5 41. fxg5 hxg5 42. Bg6+ Kh8 43. Bxf5 Rf7 44. g4 Be5 45. Bxc5 Rc7 46. Bb6 Rc1+ 47. Kg2 Ra8 48. Bd4 Bxd4 49. Rxd4 Rd8 50. Rh6+ Kg7 51. Rg6+ Kf7 52. Rxg5 Kf6 53. Rg6+ Ke5 54. Rd2 Rc5 55. Re6+ Kf4 56. h4 Rc4 57. Rf2# 1-0

[Event "EU-ch U14"]
[Site "Bratislava"]
[Date "2019.08.02"]
[Round "1"]
[White "Trofimov, Pavel"]
[Black "Aubury, Benjamin"]
[Result "1-0"]
[WhiteElo "2069"]
[BlackElo "1686"]
[PlyCount "59"]
[EventDate "2019.08.02"]
[EventType "swiss"]
[EventRounds "9"]
[EventCountry "SVK"]
[SourceTitle "EXT 2020"]
[Source "ChessBase"]
[SourceDate "2019.10.17"]
[SourceVersion "1"]
[SourceVersionDate "2019.10.17"]
[SourceQuality "1"]

1. d4 Nf6 2. c4 c5 3. d5 b5 4. cxb5 a6 5. b6 a5 6. Nc3 Ba6 7. e4 Bxf1 8. Kxf1 d6 9. Qa4+ Nfd7 10. b4 Qxb6 11. bxc5 Qxc5 12. Nge2 Na6 13. Be3 Qc8 14. Qxa5 Nac5 15. Qb5 Rb8 16. Qc6 Qxc6 17. dxc6 Ne5 18. Bxc5 dxc5 19. c7 Rc8 20. Nb5 e6 21. Nec3 Be7 22. Na4 Nd7 23. Rd1 e5 24. Ke2 h5 25. Rd5 Rh6 26. Rhd1 Ra6 27. Nac3 Nf8 28. Rd8+ Bxd8 29. cxd8Q+ Rxd8 30. Nc7+ 1-0

[Event "Basingstoke 4NCL Spring Bank 2nd U2050"]
[Site "Basingstoke"]
[Date "2019.05.27"]
[Round "6"]
[White "Pal, Rohan"]
[Black "Aubury, Benjamin"]
[Result "0-1"]
[WhiteElo "1430"]
[BlackElo "1659"]
[PlyCount "98"]
[EventDate "2019.05.24"]
[EventType "swiss"]
[EventRounds "7"]
[EventCountry "ENG"]
[SourceTitle "EXT 2020"]
[Source "ChessBase"]
[SourceDate "2019.10.17"]
[SourceVersion "1"]
[SourceVersionDate "2019.10.17"]
[SourceQuality "1"]

1. e4 c6 2. d4 d5 3. exd5 cxd5 4. Bd3 Nc6 5. c3 Nf6 6. Bf4 g6 7. Nf3 Bg7 8. Nbd2 0-0 9. 0-0 Bf5 10. Qc2 e6 11. Bxf5 gxf5 12. Ne5 Nh5 13. Nd3 Nxf4 14. Nxf4 Qc7 15. Nd3 Nxd4 16. Qa4 Nc6 17. Qh4 Qe7 18. Qh5 Qf6 19. f4 Qg6 20. Qe2 d4 21. c4 Qg4 22. Nf3 Rad8 23. Nc5 b6 24. Nd3 Kh8 25. Rad1 Rd7 26. h3 Qh5 27. Kh2 Re8 28. Nxd4 Qxe2 29. Nxe2 Red8 30. Nec1 Nb4 31. Nf2 Bxb2 32. Rxd7 Rxd7 33. Nb3 Nxa2 34. c5 Bf6 35. Kg3 Rc7 36. Nd3 bxc5 37. Ndxc5 a5 38. Na4 Rc4 39. Nbc5 Bd4 40. Rd1 Bxc5 41. Rd8+ Kg7 42. Nxc5 Rxc5 43. Ra8 Nb4 44. Ra7 Nc6 45. Ra6 Rc4 46. Kf3 a4 47. Ke3 Nb4 48. Kd2 Nd5 49. Kd3 Nb4+ 0-1

[Event "BCF-chT4S 1819 (4NCL)"]
[Site "England"]
[Date "2019.02.10"]
[Round "6.134"]
[White "Vaidya, Raghav"]
[Black "Aubury, Benjamin"]
[Result "1-0"]
[WhiteElo "1682"]
[BlackElo "1688"]
[PlyCount "169"]
[EventDate "2018.11.17"]
[EventType "team-swiss"]
[EventRounds "11"]
[EventCountry "ENG"]
[SourceTitle "EXT 2021"]
[Source "ChessBase"]
[SourceDate "2020.10.23"]
[SourceVersion "1"]
[SourceVersionDate "2020.10.23"]
[SourceQuality "1"]
[WhiteTeam "Barnet Knights II"]
[BlackTeam "Rook & Roll"]
[WhiteTeamCountry "ENG"]
[BlackTeamCountry "ENG"]

1. e4 c6 2. d4 d5 3. exd5 cxd5 4. c4 Nf6 5. Nf3 g6 6. Nc3 Bg7 7. Bd3 0-0 8. 0-0 Nc6 9. h3 Nb4 10. a3 Nxd3 11. Qxd3 Bf5 12. Qe2 dxc4 13. Qxc4 Rc8 14. Qe2 Re8 15. Be3 Qa5 16. Rfd1 Nd5 17. Bd2 Nxc3 18. Bxc3 Qd5 19. Re1 h5 20. Qe3 Rc6 21. Ne5 Re6 22. Qf3 Qxf3 23. Nxf3 Rd6 24. Bb4 Rd7 25. Bc3 Rc8 26. Rad1 Bh6 27. Re2 Rcd8 28. Rde1 Bf8 29. Bb4 e6 30. Bxf8 Kxf8 31. Rc1 Rd5 32. Re5 Ke7 33. Rc7+ R5d7 34. Rxd7+ Rxd7 35. Rc5 Be4 36. Nd2 Bc6 37. Rc4 e5 38. Nb3 Bd5 39. Rc3 Bxb3 40. Rxb3 exd4 41. Kf1 Ke6 42. Ke2 a6 43. Kd3 Ke5 44. Rb4 h4 45. Rc4 b6 46. Rc6 Rb7 47. Rc4 Rd7 48. Rc6 Rb7 49. Rc4 g5 50. Rxd4 Rc7 51. Ra4 Rd7+ 52. Ke3 a5 53. Re4+ Kf5 54. Rd4 Re7+ 55. Kf3 Re6 56. Rd5+ Kg6 57. Rd3 f6 58. Re3 Kf5 59. Rxe6 Kxe6 60. Ke4 f5+ 61. Kd4 g4 62. hxg4 fxg4 63. Ke4 h3 64. gxh3 gxh3 65. Kf3 b5 66. Kg3 Kd5 67. Kxh3 Ke4 68. Kg4 Kd3 69. f4 b4 70. axb4 axb4 71. f5 Kc2 72. f6 Kxb2 73. f7 b3 74. f8Q Kc1 75. Qc5+ Kd2 76. Qb4+ Kc2 77. Qc4+ Kb2 78. Kf3 Ka1 79. Qa4+ Kb2 80. Ke3 Kc3 81. Qd4+ Kc2 82. Qc4+ Kb2 83. Kd2 Ka1 84. Qc1+ Ka2 85. Kc3 1-0

[Event "BCF-chT4S 1819 (4NCL)"]
[Site "England"]
[Date "2019.01.13"]
[Round "4.143"]
[White "Aubury, Benjamin"]
[Black "Love, James"]
[Result "1-0"]
[WhiteElo "1688"]
[BlackElo "1622"]
[PlyCount "109"]
[EventDate "2018.11.17"]
[EventType "team-swiss"]
[EventRounds "11"]
[EventCountry "ENG"]
[SourceTitle "EXT 2021"]
[Source "ChessBase"]
[SourceDate "2020.10.23"]
[SourceVersion "1"]
[SourceVersionDate "2020.10.23"]
[SourceQuality "1"]
[WhiteTeam "Rook & Roll"]
[BlackTeam "Crowthorne II"]
[WhiteTeamCountry "ENG"]
[BlackTeamCountry "ENG"]

1. d4 d5 2. c4 c6 3. Nf3 Nf6 4. e3 e6 5. b3 Ne4 6. Nbd2 Bb4 7. a3 Qa5 8. Bd3 Bc3 9. Rb1 Bxd2+ 10. Bxd2 Nxd2 11. Qxd2 Qxd2+ 12. Nxd2 0-0 13. c5 Nd7 14. f4 f6 15. 0-0 f5 16. b4 Nf6 17. Nf3 Bd7 18. a4 Ne4 19. Bxe4 fxe4 20. Ne5 Be8 21. b5 g6 22. bxc6 Bxc6 23. a5 a6 24. Rb6 Rfc8 25. g4 Ra7 26. Rfb1 Kg7 27. Nxc6 Rxc6 28. Rxc6 bxc6 29. Rb6 Kf6 30. Rxc6 g5 31. fxg5+ Kxg5 32. h3 Kh4 33. Kg2 Rb7 34. Rb6 Rf7 35. Rxe6 h6 36. Rxh6+ Kg5 37. Rh5+ Kg6 38. Rf5 Rb7 39. Rxd5 Rb2+ 40. Kg3 Kh7 41. c6 Rb8 42. c7 Rc8 43. Rc5 Kh8 44. Kf4 Kh7 45. Kxe4 Kg6 46. Kd5 Kg5 47. Kd6+ Kh4 48. Kd7 Rb8 49. Rh5+ Kg3 50. cxb8Q+ Kf2 51. Qf4+ Ke2 52. Qe4 Kd2 53. Rc5 Ke2 54. Rc2+ Ke1 55. Qh1# 1-0

[Event "Telford 4NCL U2050 op"]
[Site "Telford"]
[Date "2018.11.02"]
[Round "4"]
[White "Aubury, Benjamin"]
[Black "Stubbs, Oliver"]
[Result "1/2-1/2"]
[WhiteElo "1510"]
[BlackElo "1672"]
[PlyCount "49"]
[EventDate "2018.10.31"]
[EventType "swiss"]
[EventRounds "9"]
[EventCountry "ENG"]
[SourceTitle "CBM 187 Extra"]
[Source "ChessBase"]
[SourceDate "2018.11.04"]
[SourceVersion "1"]
[SourceVersionDate "2018.11.04"]
[SourceQuality "1"]

1. d4 Nf6 2. c4 g6 3. Nc3 Bg7 4. e4 d6 5. Be2 0-0 6. h4 e5 7. d5 c6 8. h5 cxd5 9. cxd5 a6 10. a4 Nbd7 11. Bg5 Qa5 12. hxg6 fxg6 13. f3 Qb4 14. Ra3 Nc5 15. Qc2 a5 16. Bd2 Qb6 17. Bb5 Bd7 18. Nh3 Rac8 19. Bxd7 Nfxd7 20. Ng5 h6 21. Ne6 Nxe6 22. dxe6 Nf6 23. Rb3 Qc6 24. Qc1 g5 25. Rb5 1/2-1/2

[Event "BCF-ch U12"]
[Site "Hull"]
[Date "2018.08.03"]
[Round "6"]
[White "Roy, Anika Rachna"]
[Black "Aubury, Benjamin"]
[Result "0-1"]
[WhiteElo "1231"]
[BlackElo "1697"]
[PlyCount "89"]
[EventDate "2018.07.29"]
[EventType "swiss"]
[EventRounds "7"]
[EventCountry "ENG"]
[SourceTitle "CBM 186 Extra"]
[Source "ChessBase"]
[SourceDate "2018.08.24"]
[SourceVersion "1"]
[SourceVersionDate "2018.08.24"]
[SourceQuality "1"]

1. d4 Nf6 2. c4 g6 3. Nc3 Bg7 4. e4 0-0 5. Nge2 d6 6. Ng3 e5 7. d5 Na6 8. h4 h5 9. Bg5 Nc5 10. Be2 a5 11. Qd2 Bd7 12. f4 exf4 13. Qxf4 Bg4 14. Rf1 Bxe2 15. Kxe2 Ncd7 16. Nh1 Qe8 17. Nf2 Qe5 18. Qf3 Nh7 19. Bf4 Qd4 20. g4 Qxc4+ 21. Ke1 Ndf6 22. Rc1 Rfe8 23. Ne2 Qxa2 24. Rxc7 Qxb2 25. Bxd6 Rec8 26. Nd3 Qb1+ 27. Nec1 hxg4 28. Qf2 Rxc7 29. Bxc7 Bf8 30. e5 Bb4+ 31. Kd1 Qa1 32. exf6 Qa4+ 33. Qc2 Qxc2+ 34. Kxc2 Rc8 35. Nxb4 Rxc7+ 36. Kb3 axb4 37. Kxb4 g3 38. Ne2 g2 39. Rf2 Kf8 40. Rxg2 Nxf6 41. Nf4 Ke7 42. Kb5 Kd6 43. Kb6 Rc4 44. Rf2 Rxf4 45. Ka5 0-1

[Event "GBR-ch 105th U2050"]
[Site "Hull"]
[Date "2018.08.01"]
[Round "3"]
[White "Aubury, Benjamin"]
[Black "Bryant, Richard BE"]
[Result "1/2-1/2"]
[WhiteElo "1516"]
[BlackElo "1944"]
[PlyCount "70"]
[EventDate "2018.07.30"]
[EventType "swiss"]
[EventRounds "5"]
[EventCountry "ENG"]
[SourceTitle "EXT 2019"]
[Source "ChessBase"]
[SourceDate "2018.10.10"]
[SourceVersion "1"]
[SourceVersionDate "2018.10.10"]
[SourceQuality "1"]

1. e4 e6 2. d4 d5 3. Nd2 Nf6 4. e5 Nfd7 5. c3 c5 6. f4 Nc6 7. Ndf3 Qb6 8. a3 c4 9. Ne2 Na5 10. Qc2 Nb3 11. Rb1 a5 12. Be3 Nb8 13. g4 g6 14. Ng3 Bd7 15. h4 Nc6 16. Qf2 Qc7 17. h5 Bg7 18. g5 0-0-0 19. Nh2 Ne7 20. Ng4 Ba4 21. Bd2 Qb6 22. Be2 Nxd2 23. Kxd2 Bc6 24. Bd1 a4 25. Bc2 Bb5 26. h6 Bf8 27. Nf6 Kb8 28. Qe1 Nc6 29. Ne2 Na5 30. Ke3 Nb3 31. Kf3 Be7 32. Ng4 Rdf8 33. Kg2 Qd8 34. Ng3 Bc6 35. Qe3 Ka8 1/2-1/2

[Event "BCF-ch U12"]
[Site "Hull"]
[Date "2018.08.01"]
[Round "4"]
[White "Jithendra, Raina"]
[Black "Aubury, Benjamin"]
[Result "0-1"]
[WhiteElo "1375"]
[BlackElo "1697"]
[PlyCount "60"]
[EventDate "2018.07.29"]
[EventType "swiss"]
[EventRounds "7"]
[EventCountry "ENG"]
[SourceTitle "CBM 186 Extra"]
[Source "ChessBase"]
[SourceDate "2018.08.24"]
[SourceVersion "1"]
[SourceVersionDate "2018.08.24"]
[SourceQuality "1"]

1. e4 e6 2. d4 d5 3. Nd2 Nf6 4. e5 Nfd7 5. c3 c5 6. Bd3 Nc6 7. Ne2 cxd4 8. cxd4 f6 9. exf6 Nxf6 10. 0-0 Bd6 11. Nf3 Qc7 12. Nc3 a6 13. Bd2 0-0 14. Rc1 g6 15. Re1 Qg7 16. Be3 Ng4 17. Bc2 Nxe3 18. fxe3 Qh6 19. e4 Bf4 20. Rb1 Be3+ 21. Kh1 Bf2 22. Rf1 Bg3 23. Qd2 Bf4 24. Qd1 Bg3 25. Qd2 Bf4 26. Qd1 Nb4 27. Bb3 Bg3 28. Qd2 Bf4 29. Qd1 dxe4 30. Nxe4 Nd5 0-1

[Event "Basingstoke 4NCL Spring Bank op-B 1st"]
[Site "Basingstoke"]
[Date "2018.05.28"]
[Round "6"]
[White "Aubury, Benjamin"]
[Black "Orsagova, Erika"]
[Result "1/2-1/2"]
[WhiteElo "1516"]
[BlackElo "2040"]
[PlyCount "38"]
[EventDate "2018.05.25"]
[EventType "swiss"]
[EventRounds "7"]
[EventCountry "ENG"]
[SourceTitle "CBM 184 Extra"]
[Source "ChessBase"]
[SourceDate "2018.06.28"]
[SourceVersion "1"]
[SourceVersionDate "2018.06.28"]
[SourceQuality "1"]

1. e4 c5 2. Nc3 e6 3. Nge2 a6 4. g3 Nc6 5. Bg2 d6 6. 0-0 Nf6 7. f4 Be7 8. d3 0-0 9. h3 Rb8 10. g4 Ne8 11. Ng3 Bh4 12. Nce2 f5 13. Be3 Qe7 14. Bf2 Nc7 15. Nh5 Bxf2+ 16. Rxf2 Qh4 17. Bf3 g6 18. Nhg3 Nd4 19. g5 Nxe2+ 1/2-1/2

[Event "Basingstoke 4NCL Spring Bank op-B 1st"]
[Site "Basingstoke"]
[Date "2018.05.26"]
[Round "2"]
[White "Aubury, Benjamin"]
[Black "De Coverly, Roger D"]
[Result "1/2-1/2"]
[WhiteElo "1516"]
[BlackElo "1943"]
[PlyCount "93"]
[EventDate "2018.05.25"]
[EventType "swiss"]
[EventRounds "7"]
[EventCountry "ENG"]
[SourceTitle "CBM 184 Extra"]
[Source "ChessBase"]
[SourceDate "2018.06.28"]
[SourceVersion "1"]
[SourceVersionDate "2018.06.28"]
[SourceQuality "1"]

1. e4 e5 2. Nf3 Nc6 3. c3 Be7 4. d4 d6 5. Bb5 Bd7 6. dxe5 Nxe5 7. Nxe5 dxe5 8. Qb3 Nf6 9. Nd2 0-0 10. 0-0 c6 11. Bc4 Qb6 12. Rd1 Bc5 13. Qxb6 Bxb6 14. h3 Rad8 15. b3 Bc8 16. Ba3 Rfe8 17. Be2 Be6 18. g4 h6 19. Kg2 Rd7 20. f3 Red8 21. Nf1 Rxd1 22. Rxd1 Rxd1 23. Bxd1 Nd7 24. Be2 Nf8 25. Kg3 Ng6 26. Bc1 Kf8 27. Ne3 a5 28. Nc4 Bc7 29. Ba3+ Ke8 30. Nd6+ Bxd6 31. Bxd6 Kd7 32. Ba3 b5 33. Bc1 f6 34. Be3 a4 35. Bd1 axb3 36. Bxb3 Kd6 37. h4 Nf8 38. Kf2 c5 39. Ke2 c4 40. Bc2 Bd7 41. a3 Ne6 42. Kf2 Nf4 43. Kf1 g6 44. Kf2 h5 45. Bxf4 exf4 46. gxh5 gxh5 47. Kg2 1/2-1/2

[Event "BCF-ch U11"]
[Site "Llandudno"]
[Date "2017.07.29"]
[Round "5"]
[White "Aubury, Benjamin"]
[Black "Han, Yichen"]
[Result "0-1"]
[WhiteElo "108"]
[BlackElo "182"]
[PlyCount "86"]
[EventDate "2017.07.28"]
[EventType "swiss"]
[EventRounds "7"]
[EventCountry "WLS"]
[SourceTitle "CBM 179 Extra"]
[Source "ChessBase"]
[SourceDate "2017.08.23"]
[SourceVersion "1"]
[SourceVersionDate "2017.08.23"]
[SourceQuality "1"]

1. e4 e5 2. Nf3 Nc6 3. Bb5 a6 4. Ba4 Nf6 5. d3 b5 6. Bb3 Be7 7. 0-0 d6 8. h3 0-0 9. Nbd2 Na5 10. c3 Nxb3 11. axb3 c5 12. Re1 Ne8 13. g4 g6 14. Nf1 f5 15. N1h2 f4 16. b4 cxb4 17. Qb3+ Kg7 18. Qxb4 h5 19. Qb3 hxg4 20. hxg4 Nf6 21. Ng5 Nxg4 22. Ne6+ Bxe6 23. Qxe6 Nxh2 24. Kxh2 Rh8+ 25. Kg2 Bh4 26. Qg4 Rh5 27. Kf3 d5 28. Rg1 dxe4+ 29. Kxe4 Rg5 30. Qd1 Bxf2 31. Rg4 Ra7 32. d4 Qf6 33. Rxg5 Qxg5 34. dxe5 Qf5+ 35. Kf3 Qh5+ 36. Kxf2 Qxd1 37. b4 Re7 38. c4 Rxe5 39. Bb2 Qe2+ 40. Kg1 Qxb2 41. Rd1 Rg5+ 42. Kf1 Qg2+ 43. Ke1 Re5# 0-1